Online Catalogue and eLibrary

Sri Lanka's Hybrid presidential and parliamentary system (Record no. 2839)

MARC details
000 -LEADER
fixed length control field 00476nam a2200157Ia 4500
005 - DATE AND TIME OF LATEST TRANSACTION
control field 20250310014449.0
008 - FIXED-LENGTH DATA ELEMENTS--GENERAL INFORMATION
fixed length control field 240331s9999 xx 000 0 und d
082 ## - DDC Classification
Item Number - Author Mark ZAF
Class No. 342
100 ## - MAIN ENTRY--PERSONAL NAME
Personal name Zafrullah, H.M
245 #0 - TITLE STATEMENT
Title Sri Lanka's Hybrid presidential and parliamentary system
260 ## - PUBLICATION, DISTRIBUTION, ETC.
Place of publication, distribution, etc. Kuala lumpur
Name of publisher, distributor, etc. University of Malaya Press
Date of publication, distribution, etc. 1981
300 ## - PHYSICAL DESCRIPTION
Extent (e.g. Volumes, Pages etc.) Xxii, 140 p.,
650 ## - SUBJECT ADDED ENTRY--TOPICAL TERM
Topical term or geographic name entry element Parliaments - underdeveloped Areas
650 ## - SUBJECT ADDED ENTRY--TOPICAL TERM
Topical term or geographic name entry element Separation of powers - Sri Lanka
942 ## - Koha item type (Biblio)
Koha item type Books in Stacks (Lending)
Holdings
Lost status Damaged status Collection code Home library Current library Shelving location Date acquired Full call number Accession Number Item type
    Lending WERC Library WERC Library Social Science Cupboard 03/31/2024 342.5 ZAF 1666 Books in Stacks (Lending)

© WERC Library